[Event "Bundesliga 9798"]
[Site "Deutschland"]
[Date "1998.??.??"]
[Round "?.2"]
[White "Giorgadze, Giorgi"]
[Black "Dydyshko, Viacheslav"]
[Result "1-0"]
[WhiteElo "2625"]
[BlackElo "2490"]
[PlyCount "113"]
[EventDate "1997.10.??"]
[EventType "team"]
[EventRounds "15"]
[EventCountry "GER"]
[SourceTitle "Bundesliga 9798"]
[Source "DeepChess"]
[SourceDate "2005.01.01"]
[SourceVersion "1"]
[SourceVersionDate "2005.01.01"]
[SourceQuality "1"]
[WhiteTeam "SC Anderssen St.Ingbert 1920 e.V."]
[BlackTeam "SVG Plettenberg"]
[WhiteTeamCountry "GER"]
[BlackTeamCountry "GER"]

1. d4 Nf6 2. c4 e6 3. Nc3 Bb4 4. e3 O-O 5. Bd3 c5 6. Nf3 d5 7. O-O Nc6 8. a3
Bxc3 9. bxc3 Qc7 10. cxd5 exd5 11. a4 c4 12. Bc2 Bg4 13. Qe1 Bxf3 14. gxf3 Qd7
15. Kh1 Rfe8 16. Rg1 Kh8 17. Qf1 g6 18. Qg2 Nh5 19. e4 Ne7 20. Bh6 Qe6 21. Rab1
b6 22. Qg4 Rad8 23. Rbe1 dxe4 24. Qxe6 fxe6 25. fxe4 Ng8 26. Bg5 Rd7 27. Bd1
Nhf6 28. f3 Nh5 29. Be2 Rc8 30. Rb1 Kg7 31. Rb5 Nh6 32. Be3 Nf6 33. a5 bxa5 34.
Ra1 Nf7 35. Rbxa5 Rcc7 36. Bf4 Rb7 37. Bxc4 Nh5 38. Bd2 Rb2 39. R5a2 Rxa2 40.
Rxa2 Nd8 41. Bb5 Rb7 42. c4 h6 43. Ra6 Re7 44. Ba5 Nf7 45. Bb4 Rb7 46. Bd2 Ng5
47. Kg2 Rf7 48. Ra3 Rb7 49. h4 Nf7 50. Ra6 Kf6 51. e5+ Ke7 52. Kf2 Ng7 53. Bc6
Rb2 54. Rxa7+ Kf8 55. Ra8+ Ke7 56. Ke1 g5 57. Rg8 1-0

[Event "Bundesliga 9798"]
[Site "Deutschland"]
[Date "1998.??.??"]
[Round "?.3"]
[White "Danner, Georg"]
[Black "Bauer, Christian"]
[Result "0-1"]
[WhiteElo "2415"]
[BlackElo "2525"]
[PlyCount "101"]
[EventDate "1997.10.??"]
[EventType "team"]
[EventRounds "15"]
[EventCountry "GER"]
[SourceTitle "Bundesliga 9798"]
[Source "DeepChess"]
[SourceDate "2005.01.01"]
[SourceVersion "1"]
[SourceVersionDate "2005.01.01"]
[SourceQuality "1"]
[WhiteTeam "SVG Plettenberg"]
[BlackTeam "SC Anderssen St.Ingbert 1920 e.V."]
[WhiteTeamCountry "GER"]
[BlackTeamCountry "GER"]

1. d4 c5 2. d5 Nf6 3. Nf3 e6 4. c4 exd5 5. cxd5 Bd6 6. Nc3 O-O 7. g3 a6 8. a4
Bc7 9. d6 Ba5 10. Bg2 Ne4 11. Qd3 Bxc3+ 12. bxc3 Qf6 13. Bf4 Re8 14. O-O Nc6
15. Ne5 Nxe5 16. Qxe4 Qxd6 17. Rad1 Qe7 18. Rd5 d6 19. Bxe5 dxe5 20. Rfd1 g6
21. Rd6 Rb8 22. a5 Bf5 23. Qc4 Qc7 24. Bd5 Kg7 25. Rb6 Red8 26. Kg2 Rd6 27. e4
Be6 28. Rdb1 Bxd5 29. exd5 Rbd8 30. Rxd6 Qxd6 31. Rd1 Qc7 32. Qe4 f6 33. c4
Qxa5 34. d6 Qb6 35. d7 Qc6 36. Qxc6 bxc6 37. Rd6 a5 38. h4 Kf7 39. Rxc6 Rxd7
40. Ra6 Rd4 41. Rxa5 Rxc4 42. Ra7+ Ke6 43. Rc7 h5 44. Kf3 f5 45. Kg2 e4 46. Kf1
Rc2 47. Kg1 Rc1+ 48. Kg2 c4 49. g4 hxg4 50. Kg3 Kf6 51. Kf4 0-1

[Event "Bundesliga 9798"]
[Site "Deutschland"]
[Date "1998.??.??"]
[Round "?.4"]
[White "Martinovic, Slobodan"]
[Black "Schroll, Gerhard"]
[Result "1-0"]
[WhiteElo "2470"]
[BlackElo "2405"]
[PlyCount "123"]
[EventDate "1997.10.??"]
[EventType "team"]
[EventRounds "15"]
[EventCountry "GER"]
[SourceTitle "Bundesliga 9798"]
[Source "DeepChess"]
[SourceDate "2005.01.01"]
[SourceVersion "1"]
[SourceVersionDate "2005.01.01"]
[SourceQuality "1"]
[WhiteTeam "SC Anderssen St.Ingbert 1920 e.V."]
[BlackTeam "SVG Plettenberg"]
[WhiteTeamCountry "GER"]
[BlackTeamCountry "GER"]

1. Nf3 f5 2. g3 Nf6 3. d4 g6 4. b3 Bg7 5. Bb2 O-O 6. Nbd2 c6 7. Bg2 d6 8. O-O
a5 9. a3 Na6 10. Re1 Nc7 11. c4 Qe8 12. Qc2 Kh8 13. Rad1 Bd7 14. a4 Qf7 15. Ng5
Qg8 16. f4 Rfe8 17. Bc3 h6 18. Ngf3 Qf7 19. h3 Ne6 20. e4 fxe4 21. Nxe4 Nxe4
22. Qxe4 Nc5 23. Qe2 Bf5 24. Nh4 d5 25. cxd5 cxd5 26. dxc5 Bxc3 27. Rf1 Bf6 28.
Nf3 Be4 29. Ne1 Bxg2 30. Qxg2 e6 31. Nd3 Rac8 32. Kh2 Bd4 33. Qd2 Qc7 34. Rc1
Kg7 35. Rfe1 Bf6 36. h4 h5 37. Ne5 Bxe5 38. Rxe5 b6 39. c6 Qd6 40. Qd4 Kf7 41.
Qxb6 Rb8 42. Qe3 Rbc8 43. Qc3 d4 44. Qc5 Red8 45. c7 Rd7 46. Qxd6 Rxd6 47. Rxa5
d3 48. Rac5 Ke7 49. Rd1 Rd4 50. Rd2 Kd6 51. Rc3 Rxc7 52. Rcxd3 Rxd3 53. Rxd3+
Ke7 54. Kg2 Kf6 55. Kf3 Kf5 56. Ke3 e5 57. fxe5 Kxe5 58. Kd2 Ke4 59. Rd6 Rb7
60. Kc3 Rc7+ 61. Kb2 Rg7 62. a5 1-0

[Event "Bundesliga 9798"]
[Site "Deutschland"]
[Date "1998.??.??"]
[Round "?.5"]
[White "Luethgens, Eike"]
[Black "Kachiani Gersinska, Ketino"]
[Result "1/2-1/2"]
[WhiteElo "2305"]
[BlackElo "2415"]
[PlyCount "127"]
[EventDate "1997.10.??"]
[EventType "team"]
[EventRounds "15"]
[EventCountry "GER"]
[SourceTitle "Bundesliga 9798"]
[Source "DeepChess"]
[SourceDate "2005.01.01"]
[SourceVersion "1"]
[SourceVersionDate "2005.01.01"]
[SourceQuality "1"]
[WhiteTeam "SVG Plettenberg"]
[BlackTeam "SC Anderssen St.Ingbert 1920 e.V."]
[WhiteTeamCountry "GER"]
[BlackTeamCountry "GER"]

1. e4 c6 2. d4 d5 3. Nd2 dxe4 4. Nxe4 Bf5 5. Ng3 Bg6 6. Nf3 Nf6 7. Ne5 Nbd7 8.
Nxg6 hxg6 9. Bc4 e6 10. c3 Bd6 11. Qf3 Qc7 12. Bg5 Qa5 13. Be3 O-O-O 14. O-O-O
Nb6 15. Bb3 Qb5 16. h3 a5 17. Qe2 a4 18. Qxb5 cxb5 19. Bc2 Nbd5 20. Ne4 a3 21.
Bd2 axb2+ 22. Kxb2 Be7 23. Ng5 Rhf8 24. Bd3 b4 25. c4 Nc3 26. Bxc3 bxc3+ 27.
Kxc3 b5 28. Nf3 bxc4 29. Kxc4 Nd5 30. Be4 Rd7 31. Rc1 Ba3 32. Rc2 Kd8 33. Bxd5
exd5+ 34. Kd3 Bd6 35. Rb1 Ra7 36. Rb5 Ra3+ 37. Rc3 Rxa2 38. Rxd5 Ke7 39. Rc2
Rxc2 40. Kxc2 Ra8 41. Rb5 Ra1 42. Rb1 Ra2+ 43. Rb2 Ra1 44. Kd3 Ra7 45. Kc4 Bf4
46. Kd5 Rd7+ 47. Ke4 Bd6 48. g4 Ra7 49. Kd5 Bf4 50. Nh4 Bg5 51. Re2+ Kd7 52.
Nf3 Bf4 53. Ke4 Bd6 54. Ng5 f6 55. Nf3 Be7 56. Rb2 Bd8 57. Ne1 Ra3 58. f3 Kd6
59. Re2 Bb6 60. Ng2 f5+ 61. gxf5 gxf5+ 62. Kxf5 Rxf3+ 63. Nf4 Bxd4 64. Ke4
1/2-1/2

[Event "Bundesliga 9798"]
[Site "Deutschland"]
[Date "1998.??.??"]
[Round "?.6"]
[White "Becker, Marc"]
[Black "Meyer, Peter"]
[Result "1/2-1/2"]
[WhiteElo "2430"]
[BlackElo "2345"]
[PlyCount "53"]
[EventDate "1997.10.??"]
[EventType "team"]
[EventRounds "15"]
[EventCountry "GER"]
[SourceTitle "Bundesliga 9798"]
[Source "DeepChess"]
[SourceDate "2005.01.01"]
[SourceVersion "1"]
[SourceVersionDate "2005.01.01"]
[SourceQuality "1"]
[WhiteTeam "SC Anderssen St.Ingbert 1920 e.V."]
[BlackTeam "SVG Plettenberg"]
[WhiteTeamCountry "GER"]
[BlackTeamCountry "GER"]

1. c4 Nf6 2. g3 e6 3. Nf3 c5 4. Bg2 Nc6 5. b3 d5 6. O-O Be7 7. e3 O-O 8. Bb2 a6
9. cxd5 Nxd5 10. Nc3 Ndb4 11. d4 cxd4 12. exd4 Qa5 13. Re1 Qf5 14. Ne5 Qc2 15.
Re2 Qxd1+ 16. Rxd1 Rd8 17. a3 Nxe5 18. dxe5 Rxd1+ 19. Nxd1 Nd5 20. Rd2 Rb8 21.
Bxd5 exd5 22. Ne3 Be6 23. Nxd5 Bg5 24. f4 Rd8 25. fxg5 Rxd5 26. Re2 a5 27. Kf2
1/2-1/2

[Event "Bundesliga 9798"]
[Site "Deutschland"]
[Date "1998.??.??"]
[Round "?.7"]
[White "Oswald, Hans Joachim"]
[Black "Gross, Georg"]
[Result "1-0"]
[WhiteElo "2330"]
[BlackElo "2360"]
[PlyCount "83"]
[EventDate "1997.10.??"]
[EventType "team"]
[EventRounds "15"]
[EventCountry "GER"]
[SourceTitle "Bundesliga 9798"]
[Source "DeepChess"]
[SourceDate "2005.01.01"]
[SourceVersion "1"]
[SourceVersionDate "2005.01.01"]
[SourceQuality "1"]
[WhiteTeam "SVG Plettenberg"]
[BlackTeam "SC Anderssen St.Ingbert 1920 e.V."]
[WhiteTeamCountry "GER"]
[BlackTeamCountry "GER"]

1. Nf3 f5 2. c4 Nf6 3. g3 g6 4. Bg2 Bg7 5. O-O O-O 6. Nc3 d6 7. d3 e5 8. Rb1
Nc6 9. b4 h6 10. b5 Ne7 11. Bb2 g5 12. Ne1 f4 13. Nc2 h5 14. Nb4 Nf5 15. Ne4
Ng4 16. Qb3 fxg3 17. hxg3 h4 18. c5+ Kh8 19. cxd6 cxd6 20. Bf3 Ngh6 21. g4 Nd4
22. Bxd4 exd4 23. Qd5 Be5 24. Nc2 Qd7 25. Nxd4 Nxg4 26. Bg2 Nf6 27. Nxf6 Rxf6
28. Nf3 Bf4 29. Qd4 Qg7 30. e3 h3 31. exf4 gxf4 32. Nh4 Be6 33. Rfe1 Rg8 34.
Re4 f3 35. Rf4 Rxf4 36. Qxf4 fxg2 37. Re1 Bxa2 38. Qxd6 Rf8 39. Ng6+ Kg8 40.
Nxf8 h2+ 41. Qxh2 Kxf8 42. Qb8+ 1-0

[Event "Bundesliga 9798"]
[Site "Deutschland"]
[Date "1998.??.??"]
[Round "?.8"]
[White "Kummerow, Heiko"]
[Black "Michalczak, Thomas"]
[Result "1-0"]
[WhiteElo "2300"]
[BlackElo "2275"]
[PlyCount "54"]
[EventDate "1997.10.??"]
[EventType "team"]
[EventRounds "15"]
[EventCountry "GER"]
[SourceTitle "Bundesliga 9798"]
[Source "DeepChess"]
[SourceDate "2005.01.01"]
[SourceVersion "1"]
[SourceVersionDate "2005.01.01"]
[SourceQuality "1"]
[WhiteTeam "SC Anderssen St.Ingbert 1920 e.V."]
[BlackTeam "SVG Plettenberg"]
[WhiteTeamCountry "GER"]
[BlackTeamCountry "GER"]

1. e4 e5 2. Nf3 Nc6 3. d4 exd4 4. Nxd4 Nf6 5. Nxc6 bxc6 6. e5 Qe7 7. Qe2 Nd5 8.
c4 Nb6 9. Nc3 Qe6 10. Qe4 Bb4 11. Bd2 Ba6 12. b3 Bxc3 13. Bxc3 d5 14. Qf3 dxc4
15. Be2 Bb7 16. bxc4 Nxc4 17. Qg3 c5 18. O-O h5 19. Rad1 Rh6 20. Bd3 Kf8 21. f4
Nb6 22. f5 Qxa2 23. Rd2 h4 24. Qg5 Qd5 25. f6 Rxf6 26. Rxf6 gxf6 27. Qh6+ Kg8
1-0

[Event "Bundesliga 9798"]
[Site "Deutschland"]
[Date "1998.??.??"]
[Round "?.1"]
[White "Dautov, Rustem"]
[Black "Womacka, Mathias"]
[Result "0-1"]
[WhiteElo "2595"]
[BlackElo "2475"]
[PlyCount "76"]
[EventDate "1997.10.??"]
[EventType "team"]
[EventRounds "15"]
[EventCountry "GER"]
[SourceTitle "Bundesliga 9798"]
[Source "DeepChess"]
[SourceDate "2005.01.01"]
[SourceVersion "1"]
[SourceVersionDate "2005.01.01"]
[SourceQuality "1"]
[WhiteTeam "SC Anderssen St.Ingbert 1920 e.V."]
[BlackTeam "USG Chemnitz"]
[WhiteTeamCountry "GER"]
[BlackTeamCountry "GER"]

1. d4 Nf6 2. c4 e6 3. Nf3 c5 4. d5 exd5 5. cxd5 d6 6. Nc3 g6 7. e4 Bg7 8. h3
O-O 9. Bd3 b5 10. Bxb5 Nxe4 11. Nxe4 Qa5+ 12. Nfd2 Qxb5 13. Nxd6 Qa6 14. N2c4
Rd8 15. Qe2 Bb7 16. Nxb7 Qxb7 17. Bf4 Qxd5 18. Rd1 Bd4 19. O-O Nc6 20. Rfe1 Re8
21. Be3 Rab8 22. b3 a5 23. Qd2 a4 24. Bf4 Rxe1+ 25. Rxe1 Rd8 26. Nb6 Qf5 27.
Bc7 axb3 28. Bxd8 b2 29. g4 Qf3 30. Bc7 Nb4 31. Be5 Bxe5 32. Nc4 Bc3 33. Qd8+
Kg7 34. Nd6 h6 35. Ne8+ Kh7 36. Qe7 Nd3 37. Rf1 Bd4 38. Kh2 Nxf2 0-1

[Event "Bundesliga 9798"]
[Site "Deutschland"]
[Date "1998.??.??"]
[Round "?.2"]
[White "Roesch, Arnd"]
[Black "Bauer, Christian"]
[Result "1/2-1/2"]
[WhiteElo "2350"]
[BlackElo "2525"]
[PlyCount "74"]
[EventDate "1997.10.??"]
[EventType "team"]
[EventRounds "15"]
[EventCountry "GER"]
[SourceTitle "Bundesliga 9798"]
[Source "DeepChess"]
[SourceDate "2005.01.01"]
[SourceVersion "1"]
[SourceVersionDate "2005.01.01"]
[SourceQuality "1"]
[WhiteTeam "USG Chemnitz"]
[BlackTeam "SC Anderssen St.Ingbert 1920 e.V."]
[WhiteTeamCountry "GER"]
[BlackTeamCountry "GER"]

1. d4 Nf6 2. g3 d5 3. Nf3 Bf5 4. Bg2 e6 5. O-O c6 6. Nbd2 Be7 7. b3 h6 8. Bb2
a5 9. a3 Nbd7 10. Ne5 O-O 11. Re1 Nxe5 12. dxe5 Nd7 13. e4 Bg6 14. f4 Qb6+ 15.
Kh1 Nc5 16. f5 exf5 17. exd5 cxd5 18. Bxd5 Rad8 19. Nc4 Qc7 20. Qf3 Ne4 21. Ne3
Bc5 22. c4 Ng5 23. Qf4 Qb6 24. b4 axb4 25. axb4 Nh3 26. bxc5 Qxb2 27. Qf1 Nf2+
28. Kg1 Ng4 29. Nxg4 fxg4 30. Qf2 Qb4 31. Ra2 Ra8 32. Rb2 Qc3 33. Qd2 Qa3 34.
Qb4 Qd3 35. Qd2 Qa3 36. Qb4 Qd3 37. Qd2 Qa3 1/2-1/2

[Event "Bundesliga 9798"]
[Site "Deutschland"]
[Date "1998.??.??"]
[Round "?.3"]
[White "Degraeve, Jean Marc"]
[Black "Kunze, Carlo"]
[Result "1-0"]
[WhiteElo "2540"]
[BlackElo "2340"]
[PlyCount "47"]
[EventDate "1997.10.??"]
[EventType "team"]
[EventRounds "15"]
[EventCountry "GER"]
[SourceTitle "Bundesliga 9798"]
[Source "DeepChess"]
[SourceDate "2005.01.01"]
[SourceVersion "1"]
[SourceVersionDate "2005.01.01"]
[SourceQuality "1"]
[WhiteTeam "SC Anderssen St.Ingbert 1920 e.V."]
[BlackTeam "USG Chemnitz"]
[WhiteTeamCountry "GER"]
[BlackTeamCountry "GER"]

1. e4 e5 2. Nf3 Nc6 3. Bc4 Bc5 4. c3 Nf6 5. d3 d6 6. Nbd2 a6 7. Bb3 O-O 8. O-O
Ba7 9. Re1 Ne7 10. Nf1 c6 11. Ng3 Ng6 12. h3 h6 13. d4 Qc7 14. Be3 Re8 15. Qd3
Be6 16. Bxe6 Rxe6 17. Rad1 Bb6 18. c4 Ree8 19. dxe5 dxe5 20. c5 Ba5 21. Rf1
Rad8 22. Qa3 Rxd1 23. Rxd1 Rd8 24. Rf1 1-0

[Event "Bundesliga 9798"]
[Site "Deutschland"]
[Date "1998.??.??"]
[Round "?.5"]
[White "Werner, Dimo"]
[Black "Kyas, Juergen"]
[Result "1/2-1/2"]
[WhiteElo "2420"]
[BlackElo "2265"]
[PlyCount "70"]
[EventDate "1997.10.??"]
[EventType "team"]
[EventRounds "15"]
[EventCountry "GER"]
[SourceTitle "Bundesliga 9798"]
[Source "DeepChess"]
[SourceDate "2005.01.01"]
[SourceVersion "1"]
[SourceVersionDate "2005.01.01"]
[SourceQuality "1"]
[WhiteTeam "SC Anderssen St.Ingbert 1920 e.V."]
[BlackTeam "USG Chemnitz"]
[WhiteTeamCountry "GER"]
[BlackTeamCountry "GER"]

1. Nf3 c5 2. g3 Nc6 3. Bg2 g6 4. O-O Bg7 5. c3 d5 6. d4 cxd4 7. cxd4 Nf6 8. Nc3
Ne4 9. e3 Nxc3 10. bxc3 O-O 11. Rb1 Qa5 12. Qd2 Rb8 13. Ne1 Bf5 14. Rb2 Rfd8
15. Nd3 e5 16. Nb4 Be6 17. Rb3 Qc7 18. Nxc6 Qxc6 19. Ba3 b6 20. Rc1 Qc7 21. Bf1
h5 22. h4 Bf6 23. Bb4 Kh8 24. Bg2 Rbc8 25. Ba3 Qd7 26. Rb4 Kh7 27. Kh2 Rc7 28.
Bf1 Rcc8 29. Bb5 Qc7 30. Bb2 Qe7 31. Ba6 Rc7 32. Ba3 Qd7 33. Qe2 Bg4 34. Qf1
Be6 35. Bb5 Qc8 1/2-1/2

[Event "Bundesliga 9798"]
[Site "Deutschland"]
[Date "1998.??.??"]
[Round "?.6"]
[White "Ahner, Andreas"]
[Black "Becker, Marc"]
[Result "1/2-1/2"]
[WhiteElo "2250"]
[BlackElo "2430"]
[PlyCount "67"]
[EventDate "1997.10.??"]
[EventType "team"]
[EventRounds "15"]
[EventCountry "GER"]
[SourceTitle "Bundesliga 9798"]
[Source "DeepChess"]
[SourceDate "2005.01.01"]
[SourceVersion "1"]
[SourceVersionDate "2005.01.01"]
[SourceQuality "1"]
[WhiteTeam "USG Chemnitz"]
[BlackTeam "SC Anderssen St.Ingbert 1920 e.V."]
[WhiteTeamCountry "GER"]
[BlackTeamCountry "GER"]

1. d4 Nf6 2. c4 e6 3. Nf3 Bb4+ 4. Nbd2 b6 5. e3 O-O 6. Bd3 d5 7. O-O Bb7 8. Qe2
Ne4 9. Bc2 Nd7 10. a3 Bd6 11. Nxe4 dxe4 12. Nd2 f5 13. b4 c5 14. Rb1 Rf6 15. g3
Qc7 16. Rb3 Rg6 17. Rd1 Nf6 18. Nf1 Rc8 19. dxc5 bxc5 20. b5 Be5 21. Bb2 Ng4
22. Qd2 Bxb2 23. Rxb2 Ne5 24. Qc3 Nf3+ 25. Kh1 Rh6 26. b6 Qf7 27. Kg2 Qh5 28.
h4 Qg4 29. Nh2 Nxh4+ 30. Kf1 Qh3+ 31. Ke2 Nf3 32. bxa7 Qxh2 33. Rxb7 Qxf2+ 34.
Kxf2 1/2-1/2

[Event "Bundesliga 9798"]
[Site "Deutschland"]
[Date "1998.??.??"]
[Round "?.7"]
[White "Gross, Georg"]
[Black "Helbig, Jan"]
[Result "1/2-1/2"]
[WhiteElo "2360"]
[BlackElo "2180"]
[PlyCount "70"]
[EventDate "1997.10.??"]
[EventType "team"]
[EventRounds "15"]
[EventCountry "GER"]
[SourceTitle "Bundesliga 9798"]
[Source "DeepChess"]
[SourceDate "2005.01.01"]
[SourceVersion "1"]
[SourceVersionDate "2005.01.01"]
[SourceQuality "1"]
[WhiteTeam "SC Anderssen St.Ingbert 1920 e.V."]
[BlackTeam "USG Chemnitz"]
[WhiteTeamCountry "GER"]
[BlackTeamCountry "GER"]

1. d4 d5 2. Nf3 Nf6 3. c4 c6 4. g3 e6 5. Bg2 Nbd7 6. O-O Be7 7. Nc3 O-O 8. Qd3
b6 9. Rd1 Ba6 10. b3 Rc8 11. e4 c5 12. exd5 exd5 13. Bb2 dxc4 14. bxc4 cxd4 15.
Nb5 Nc5 16. Qxd4 Qxd4 17. Nfxd4 Na4 18. Nf5 Rfe8 19. Nxe7+ Rxe7 20. Ba3 Nc5 21.
Rd4 Rd7 22. Rad1 Rxd4 23. Rxd4 Ne6 24. Rd2 Rxc4 25. Nxa7 Ra4 26. Be7 Bc4 27.
Nc8 Rxa2 28. Rxa2 Bxa2 29. Nxb6 Ng4 30. Nd7 f6 31. h3 Nh6 32. g4 Nf7 33. h4 Nf4
34. Bf3 Bd5 35. Bd1 Nd3 1/2-1/2

[Event "Bundesliga 9798"]
[Site "Deutschland"]
[Date "1998.??.??"]
[Round "?.8"]
[White "Sobeck, Guenter"]
[Black "Kummerow, Heiko"]
[Result "1/2-1/2"]
[WhiteElo "2120"]
[BlackElo "2300"]
[PlyCount "46"]
[EventDate "1997.10.??"]
[EventType "team"]
[EventRounds "15"]
[EventCountry "GER"]
[SourceTitle "Bundesliga 9798"]
[Source "DeepChess"]
[SourceDate "2005.01.01"]
[SourceVersion "1"]
[SourceVersionDate "2005.01.01"]
[SourceQuality "1"]
[WhiteTeam "USG Chemnitz"]
[BlackTeam "SC Anderssen St.Ingbert 1920 e.V."]
[WhiteTeamCountry "GER"]
[BlackTeamCountry "GER"]

1. Nf3 Nf6 2. b4 g6 3. Bb2 Bg7 4. c4 O-O 5. e3 c6 6. d3 d5 7. Nbd2 Re8 8. Be2
Nbd7 9. O-O e5 10. cxd5 Nxd5 11. Qb3 a5 12. a3 axb4 13. axb4 Rxa1 14. Bxa1 Bf8
15. Nc4 Qc7 16. b5 Bg7 17. bxc6 Qxc6 18. Na5 Nc5 19. Qc4 Qd6 20. Qb5 Nc7 21.
Qb4 Nd5 22. Qb5 Nc7 23. Qb4 Nd5 1/2-1/2

[Event "Bundesliga 9798"]
[Site "Deutschland"]
[Date "1998.??.??"]
[Round "?.1"]
[White "Movsesian, Sergei"]
[Black "Jussupow, Artur"]
[Result "1/2-1/2"]
[WhiteElo "2555"]
[BlackElo "2640"]
[PlyCount "84"]
[EventDate "1997.10.??"]
[EventType "team"]
[EventRounds "15"]
[EventCountry "GER"]
[SourceTitle "Bundesliga 9798"]
[Source "DeepChess"]
[SourceDate "2005.01.01"]
[SourceVersion "1"]
[SourceVersionDate "2005.01.01"]
[SourceQuality "1"]
[WhiteTeam "SF Neukoelln 03 e.V."]
[BlackTeam "SG 1868 Aljech. Solingen"]
[WhiteTeamCountry "GER"]
[BlackTeamCountry "GER"]

1. e4 e6 2. d4 d5 3. e5 c5 4. c3 Nc6 5. Nf3 Bd7 6. a3 Nge7 7. b4 cxd4 8. cxd4
Nc8 9. Bd3 Be7 10. O-O Nb6 11. Nbd2 Rc8 12. Nb3 Nc4 13. Qe2 O-O 14. Bf4 b6 15.
b5 Nb8 16. a4 a6 17. bxa6 Nxa6 18. Nbd2 Nb4 19. Bxc4 dxc4 20. Nxc4 Nd5 21. Bg3
Bxa4 22. Nd6 Rc2 23. Qe4 Qd7 24. Bh4 Bxh4 25. Qxh4 h6 26. Ne4 Bc6 27. Nf6+ Nxf6
28. exf6 Bxf3 29. fxg7 Kxg7 30. Qg3+ Kh7 31. Qxf3 Qxd4 32. Ra7 Kg7 33. Qg3+ Kh8
34. Qf3 Rc3 35. Qh5 Kg7 36. Rd1 Rc5 37. Qe2 Qe5 38. Qg4+ Kh7 39. g3 Qf5 40.
Qxf5+ Rxf5 41. Rb7 Rc8 42. Rxb6 Rc2 1/2-1/2

[Event "Bundesliga 9798"]
[Site "Deutschland"]
[Date "1998.??.??"]
[Round "?.2"]
[White "Sadler, Matthew"]
[Black "Stohl, Igor"]
[Result "1-0"]
[WhiteElo "2665"]
[BlackElo "2565"]
[PlyCount "39"]
[EventDate "1997.10.??"]
[EventType "team"]
[EventRounds "15"]
[EventCountry "GER"]
[SourceTitle "Bundesliga 9798"]
[Source "DeepChess"]
[SourceDate "2005.01.01"]
[SourceVersion "1"]
[SourceVersionDate "2005.01.01"]
[SourceQuality "1"]
[WhiteTeam "SG 1868 Aljech. Solingen"]
[BlackTeam "SF Neukoelln 03 e.V."]
[WhiteTeamCountry "GER"]
[BlackTeamCountry "GER"]

1. d4 Nf6 2. c4 g6 3. Nd2 d5 4. cxd5 Nxd5 5. Ngf3 Bg7 6. e4 Nb6 7. Nb3 O-O 8.
Be3 Bg4 9. Qd2 Nc6 10. Rc1 f5 11. d5 Bxf3 12. gxf3 Ne5 13. Be2 fxe4 14. fxe4 e6
15. dxe6 Qh4 16. Rxc7 Qxe4 17. O-O Rad8 18. Rxg7+ Kxg7 19. Bh6+ Kg8 20. e7 1-0

[Event "Bundesliga 9798"]
[Site "Deutschland"]
[Date "1998.??.??"]
[Round "?.4"]
[White "Gabriel, Christian"]
[Black "Bunzmann, Dimitrij"]
[Result "1/2-1/2"]
[WhiteElo "2575"]
[BlackElo "2370"]
[PlyCount "116"]
[EventDate "1997.10.??"]
[EventType "team"]
[EventRounds "15"]
[EventCountry "GER"]
[SourceTitle "Bundesliga 9798"]
[Source "DeepChess"]
[SourceDate "2005.01.01"]
[SourceVersion "1"]
[SourceVersionDate "2005.01.01"]
[SourceQuality "1"]
[WhiteTeam "SG 1868 Aljech. Solingen"]
[BlackTeam "SF Neukoelln 03 e.V."]
[WhiteTeamCountry "GER"]
[BlackTeamCountry "GER"]

1. c4 b6 2. d4 e6 3. a3 Bb7 4. Nc3 f5 5. d5 Be7 6. g3 Bf6 7. Bd2 c6 8. dxe6
dxe6 9. Bg2 Nd7 10. Nh3 Ne5 11. b3 Qd7 12. O-O O-O-O 13. Bg5 h6 14. Qxd7+ Rxd7
15. Bxf6 Nxf6 16. Rfd1 Re8 17. Rxd7 Nexd7 18. Nf4 g5 19. Nd3 Rd8 20. e4 fxe4
21. Nxe4 Nxe4 22. Bxe4 Kc7 23. Re1 Kd6 24. Bf3 Rf8 25. Re3 Rf6 26. Kf1 a5 27.
Ke1 Ba6 28. Nb2 b5 29. cxb5 Bxb5 30. a4 Ba6 31. Be2 Bxe2 32. Kxe2 Ne5 33. f3
Rf8 34. Nd3 Nd7 35. Kd2 Nf6 36. Nb2 Nd5 37. Nc4+ Ke7 38. Rd3 Nb4 39. Re3 Rd8+
40. Ke2 Rd5 41. Re5 h5 42. f4 gxf4 43. gxf4 h4 44. Nxa5 Kf6 45. Rxd5 cxd5 46.
Nb7 e5 47. Nc5 exf4 48. a5 Nc6 49. a6 Ke5 50. b4 Na7 51. Kd3 d4 52. Kc4 f3 53.
b5 Nc8 54. Nd3+ Ke4 55. Nf2+ Ke3 56. Nd1+ Ke2 57. Kxd4 f2 58. Nxf2 Kxf2 1/2-1/2

[Event "Bundesliga 9798"]
[Site "Deutschland"]
[Date "1998.??.??"]
[Round "?.6"]
[White "Bischoff, Klaus"]
[Black "Thiede, Lars"]
[Result "1-0"]
[WhiteElo "2535"]
[BlackElo "2335"]
[PlyCount "77"]
[EventDate "1997.10.??"]
[EventType "team"]
[EventRounds "15"]
[EventCountry "GER"]
[SourceTitle "Bundesliga 9798"]
[Source "DeepChess"]
[SourceDate "2005.01.01"]
[SourceVersion "1"]
[SourceVersionDate "2005.01.01"]
[SourceQuality "1"]
[WhiteTeam "SG 1868 Aljech. Solingen"]
[BlackTeam "SF Neukoelln 03 e.V."]
[WhiteTeamCountry "GER"]
[BlackTeamCountry "GER"]

1. c4 Nf6 2. Nc3 g6 3. e4 d6 4. d4 Bg7 5. f3 O-O 6. Be3 b6 7. Bd3 a6 8. Nge2 c5
9. e5 Nfd7 10. exd6 cxd4 11. Nxd4 Nc5 12. dxe7 Qxe7 13. Nd5 Qd6 14. O-O Bb7 15.
Nb3 Nbd7 16. Nxc5 Nxc5 17. Re1 Bxd5 18. Be4 Nxe4 19. fxe4 Bxb2 20. Rb1 Be5 21.
exd5 Bxh2+ 22. Kf1 Qf6+ 23. Qf3 Qh4 24. Rec1 Bc7 25. Bf2 Qh2 26. g3 Rfe8 27.
Re1 h5 28. Qg2 Qxg2+ 29. Kxg2 Rad8 30. Rxe8+ Rxe8 31. Bxb6 Bxb6 32. Rxb6 Kg7
33. d6 Re2+ 34. Kf3 Rd2 35. c5 Rd5 36. Ke4 Rd1 37. Rb8 Kf6 38. c6 Re1+ 39. Kf3
1-0